000 01173naa a22003257a 4500
001 BR8005871
003 BR-BrBNA
005 20240918174655.0
007 ta
008 230509b bl.||||| |||| 00| 0 por d
040 _aBR-BrBNA
_bpor
_cBiblioteca Nacional de Agricultura
041 _a(Pt)
072 _aP10; U10
_b/G514
090 _aP10 BR8005871
100 1 _aManoel Filho, J.
111 1 _a1. Congresso Brasileiro de Aguas Subterraneas
_cRecife, PE (Brazil)
_d9-14 Nov 1980
245 1 _aProdutividade de drenos horizontais e potencialidade de aquiferos aluviais [Ceara, Rio Grande do Norte, Brasil]
260 3 _aRecife, PE (Brasil):
_c1980.
500 _aAnais do 1. Congresso Brasileiro de Aguas Subterraneas Recife, PE (Brasil): 1980. p. 451-459 (BR8005871-AM)P10
650 _aAGUAS SUBTERRANEAS
650 _aPOCO
650 _aCAPTACAO D'AGUA
650 _aDRENO
650 _aMODELO MATEMATICO
650 _aCEARA
650 _aRIO GRANDE DO NORTE
773 0 _tAnais do 1. Congresso Brasileiro de Aguas Subterraneas
_wP10 BR8005871
_gRecife, PE (Brasil), 1980. p. 451-459
909 _a202404
_bLucia
_c55
_dLucia Elande
942 _cAM
_2AGRIS
999 _c312768
_d312768